000 01393nam a2200253Ia 4500
999 _c55008
_d55008
001 22079
003 GE_BSU
005 20190919123233.0
008 181216s2017||||ge |||||||||||||| ||geo||
020 _a9789941462566
040 _cGE_BSU
041 _ageo
080 _a512.532(042.4) დ-43
100 _aდიასამიძე , იაშა.
_94093
245 _aბინარულ მიმართებათა სრული ნახევარჯგუფების იდემპოტენტური ელემენტები :
_b[ლექციების კურსი] /
_cიაშა დიასამიძე , რედ : სანდრო ლაშხი.
264 _aბათუმი :
_bბათუმის შოთა რუსთაველის სახელმწ. უნ-ტის გამ-ბა,
_c2017.
300 _a292 გვ .:
_bნახ. ;
_c21 სმ.
504 _aბიბლიოგრ.: გვ. 283-290.
653 _aალგებრა
653 _aბინალურ მიმართებათა სრული ნახევარჯგუფების იდემპოტენტური ელემენტები.
653 _aმათემატიკა
700 _aლაშხი, სანდრო
_eრედაქტორი
_94106
942 _cBK
_2udc